000 02088cam a2200505 i 4500
001 xx004943797
003 NUKAT
005 20260428125843.0
008 200911s2020 pl a g |001 0 pol c
020 _a9788380987913
_q(oprawa twarda) :
_czł 35,00
035 _a(OCoLC)1199642216
035 _a(NUKAT)xx004943797
040 _aKAT U/JSt
_bpol
_erda
_cKAT U/JSts
_dKAT U/JSt
_dWA M/HB
_dWA 14/MBs
_dOLSZT 008/bak
045 2 _bd1905
_bd1918
046 _k2020
245 0 0 _aŁódzkie drogi do niepodległości 1905-1918 /
_cpod redakcją Joanny Żelazko.
260 _aŁódź ;
_aWarszawa :
_bInstytut Pamięci Narodowej. Komisja Ścigania Zbrodni przeciwko Narodowi Polskiemu. Oddział w Łodzi,
_c2020.
300 _a278, [1] stron :
_bilustracje ;
_c21 cm.
336 _aTekst
_btxt
_2rdacontent
337 _aBez urządzenia pośredniczącego
_bn
_2rdamedia
338 _aWolumin
_bnc
_2rdacarrier
380 _aKsiążki
380 _aPublikacje naukowe
388 1 _a2001-
490 1 _aBiblioteka Oddziału Instytutu Pamięci Narodowej w Łodzi ;
_vt. 52
504 _aIndeksy.
648 7 _a1901-1914
_2DBN
_936038
648 7 _a1901-2000
_2DBN
_934996
648 7 _a1914-1918
_2DBN
_936040
650 7 _aI wojna światowa (1914-1918)
_2DBN
_935952
650 7 _aRewolucja 1905 roku
_2DBN
_939504
650 7 _aRuchy niepodległościowe
_2DBN
_935774
650 7 _aŻołnierze
_2DBN
_935175
650 7 _aWojna światowa (1914-1918)
_zPolska
_zŁódź.
_2kaba
_940797
651 7 _aŁódź (woj. łódzkie)
_2DBN
_939534
651 7 _aŁódź (Polska)
_y1900-1945.
_2kaba
_940798
651 7 _aŁódź (Polska)
_xsytuacja społeczna
_y1900-1945.
_2kaba
_940799
655 7 _aPraca zbiorowa
_2DBN
_935107
658 _aHistoria
700 1 _aŻelazko, Joanna.
_eRedakcja
_914055
710 2 _aInstytut Pamięci Narodowej - Komisja Ścigania Zbrodni Przeciwko Narodowi Polskiemu.
_bOddział (Łódź).
_eWydawca
_4pbl
_914056
830 0 _aBiblioteka Instytutu Pamięci Narodowej
_vt. 52
_914058
920 _a978-83-8098-791-3 (oprawa twarda) : zł 35,00
942 _2ddc
_cBK_NM
999 _c27841
_d27841